| 000 | 01080namaa2200301 i 4500 | ||
|---|---|---|---|
| 003 | EG-GICUC | ||
| 005 | 20260118130337.0 | ||
| 008 | 260118s19uu ** |||jr|||| 000 0 ara d | ||
| 040 |
_aEG-GiCUC _bara _cEG-GiCUC _dEG-GiCUC _erda |
||
| 082 | 0 | 4 |
_221 _a398.22 _bH6339 |
| 092 | 0 | 4 |
_221 _a398.22 _bH6339 |
| 099 | _a398.22 H6339 | ||
| 100 | 1 |
_aالحفنى، محمود _eمؤلف. |
|
| 245 | 1 |
_aسيرة عنترة / _cتأليف دكتور محمود الحفنى. |
|
| 264 |
_a[مكان النشر غير محدد : _bالناشر غير محدد، _c19--]. |
||
| 300 |
_a263 صفحة ؛ _c24 سم |
||
| 336 |
_2rdacontent _atext |
||
| 337 |
_2rdamedia _aUnmediated |
||
| 338 |
_2rdacarrier _avolume |
||
| 490 | _aمذاهب وشخصيات | ||
| 504 | _aيشتمل على ارجاعات ببليوجرافية. | ||
| 541 |
_aد. جابر عصفور ؛ _bالقاهرة ؛ _cإهداء ؛ _d2024. |
||
| 600 | 0 | 0 |
_aعنترة العبسى _dactive 6th century _910540 |
| 650 | 1 | 7 |
_aالادب الشعبى _2qrmak |
| 651 | 1 | _2qrmak | |
| 905 | _aAya | ||
| 942 |
_2ddc _cBK _e21 _n0 |
||
| 999 |
_c177805 _d177805 |
||